แสดงรายละเอียดบรรณานุกรม
  กลับหน้าหลัก

Brief Record : Get Marc (ISO 2709) : E-mail record : QR code ปิดหน้าต่าง
E-books : เกี่ยวกับ Collections
LEADER 00000nama 2200000uu 4500
001    180197
003     ULIBM
008    040531s2539 th m m a000 0 tha d
020    974-612-338-74
041    tha
050    WK815 บ465ผ 2539
100    บุญทิพย์ สิริธรังศรี
245    ผู้ป่วยเบาหวาน:การดูแลแบบองค์รวม/โดยบุญทิพย์ สิริธรังศรี
250    3
260    นครปฐม ฝ่ายการพิมพ์ ศูนย์อาเซียน มหาวิทยาลัยมหิดล 2539
300    196 หน้า
650    เบาหวาน ผู้ป่วย--การดูแลชื่อเรื่อง
998    1998-12-14
999    ^aใช้งานได้ทุกระบบ
รายการนี้ยังไม่มีแท็ก
คุณยังไม่ได้ล็อกอิน คุณสามารถมีกิจกรรมร่วมกับเว็บไซต์ได้ แต่ต้องล็อกอินก่อน ::
  ล็อกอิน
ลำดับที่ ประเภท เลขเรียก สถานที่ สถานะ
1. หนังสือทั่วไป
หนังสือทั่วไป
WK815 บ465ผ 2539  
  
หนังสือทั่วไป On Shelf
  ขอยืม
2. หนังสือทั่วไป
หนังสือทั่วไป
WK815 บ465ผ 2539  
  
หนังสือทั่วไป On Shelf
  ขอยืม
3. หนังสือทั่วไป
หนังสือทั่วไป
WK815 บ465ผ 2539  
  
หนังสือทั่วไป On Shelf
  ขอยืม
   [แสดง 3/3 รายการ]

รายการใกล้เคียง
    ผู้แต่ง [บุญทิพย์ สิริธรังศรี]

BibComment


ยังไม่เคยถูกคอมเมนท์

คอมเมนท์ทรัพยากรรายการนี้
  คอมเมนท์: ผู้ป่วยเบาหวานการ..
Bib 180197

 
 
 

 Union Library Management : ULibM
Copyright 2026. All Rights Reserved.
скачать бесплатно без регистрации порно красивый секс HD Sex Hindi sex

xxx gou

xxxx

bfxxx

xxxwww

Секса Видео

xxxx

Секса Видео

detube

geilexxx

C99 Shell

worms shell

blod xxx video
Ebony Coed Rihanna Rimes Takes A Dick In Her Young Twat priyaa indian fuck anal and pusssy hardcore indian women xxx desi hardcore fucking part 1 bengalixxxcouple